000 00724nam a2200289Ia 4500
005 20260324121955.0
008 008 260324s9999 xx 000 0 eng d
020 _a9780203119846
037 _aEBOOK
040 _aCRL
040 _beng
040 _cCRL
041 _2eng
041 _aeng
084 _qCRL
100 _aRichard Hyde; Nathan Groenhout; Francis Barram; Ken Yeang
_91164616
245 0 _aSustainable Retrofitting of Commercial Buildings
245 0 _bWarm Climates
260 _bTaylor and Francis
260 _c2013
365 _a
365 _b340
856 _uhttp://www.taylorfrancis.com/books/9780203119846
942 _cEBOOK
999 _c1757031
_d1757031